Biggest Cities in the Green Banana - Statistics

General Stats
  • This quiz has been taken 3,716 times
    3,420 since last reset
  • The average score is 12 of 19
Answers on the Map
Answers color-coded by a green-red scale on the quiz's map according to % correct below.
 
Answer Stats
Population City % Correct
1,911 k Vienna
99%
1,791 k Warsaw
99%
1,751 k Budapest
97%
688 k Zagreb
94%
779 k Kraków
88%
288 k Ljubljana
88%
437 k Bratislava
86%
470 k Gdańsk
84%
381 k Brno
64%
679 k Łódź
63%
291 k Graz
60%
642 k Wrocław
58%
203 k Trieste
57%
292 k Katowice
56%
287 k Ostrava
38%
246 k Gdynia
34%
348 k Bydgoszcz
27%
201 k Toruń
19%
220 k Częstochowa
18%
No matching quizzes found
Score Distribution
Percent of People with Each Score
Percentile by Number Answered
Your Score History
You have not taken this quiz since the last reset